000 00552nam a22002057a 4500
003 OSt
005 20140310182440.0
008 130312t xxu||||| |||| 00| 0 eng d
020 _a9712718212
050 _aRS 100
_b.L298 2006
082 _b
100 _aLao, Felix M.
_97375
245 _aPharmaceutical care:
_cFelix M. Lao Jr.
_bmanagement of heart diseases /
260 _aManila :
_bAnvil Publishing,
_cc2006.
300 _a178 p. :
_c26 cm.
_bill. ;
942 _2lcc
_cSSLC
999 _c13502
_d13502